[Event "April 9 Early 2024"]
[Site "Chess.com"]
[Date "2024.04.09"]
[Round "1"]
[White "Sahib Singh"]
[Black "Jimenez, Maria"]
[Result "1-0"]
[Board "224"]
[WhiteFideId "25618342"]
[BlackFideId "3843866"]
[WhiteTitle "FM"]
[BlackTitle "WFM"]
[WhiteElo "2627"]
[BlackElo "2289"]
[WhiteTeam "IND"]
[BlackTeam "PER"]
[WhiteClock "0:00:16"]
[BlackClock "0:00:05"]
[Variant "Standard"]

1. e4 {[%clk 0:03:00]}  c5 {[%clk 0:02:57]} 2. Nf3 {[%clk 0:03:00]}  Nc6 {[%clk 0:02:57]} 3. d4 {[%clk 0:03:01]}  cxd4 {[%clk 0:02:58]} 4. Nxd4 {[%clk 0:03:01]}  Nf6 {[%clk 0:02:58]} 5. Nc3 {[%clk 0:03:01]}  d6 {[%clk 0:02:59]} 6. Bg5 {[%clk 0:03:01]}  e6 {[%clk 0:02:58]} 7. Qd2 {[%clk 0:03:00]}  a6 {[%clk 0:02:55]} 8. O-O-O {[%clk 0:03:00]}  Bd7 {[%clk 0:02:49]} 9. f4 {[%clk 0:03:00]}  h6 {[%clk 0:02:42]} 10. Bxf6 {[%clk 0:02:39]}  Qxf6 {[%clk 0:02:42]} 11. e5 {[%clk 0:02:39]}  dxe5 {[%clk 0:02:36]} 12. Ndb5 {[%clk 0:02:39]}  O-O-O {[%clk 0:02:03]} 13. Nd6+ {[%clk 0:02:38]}  Bxd6 {[%clk 0:01:59]} 14. Ne4 {[%clk 0:02:35]}  Qe7 {[%clk 0:01:31]} 15. Nxd6+ {[%clk 0:02:33]}  Kb8 {[%clk 0:01:30]} 16. fxe5 {[%clk 0:02:33]}  Nxe5 {[%clk 0:01:25]} 17. Qd4 {[%clk 0:01:12]}  Nc6 {[%clk 0:01:04]} 18. Qb6 {[%clk 0:01:10]}  Bc8 {[%clk 0:00:56]} 19. Nxc8 {[%clk 0:01:06]}  Rxd1+ {[%clk 0:00:51]} 20. Kxd1 {[%clk 0:01:06]}  Qd7+ {[%clk 0:00:44]} 21. Kc1 {[%clk 0:00:59]}  Rd8 {[%clk 0:00:26]} 22. Bd3 {[%clk 0:00:59]}  Kxc8 {[%clk 0:00:25]} 23. Rf1 {[%clk 0:00:51]}  f6 {[%clk 0:00:23]} 24. Qc5 {[%clk 0:00:45]}  Qd4 {[%clk 0:00:20]} 25. Qh5 {[%clk 0:00:45]}  Qe3+ {[%clk 0:00:19]} 26. Kb1 {[%clk 0:00:44]}  Ne5 {[%clk 0:00:19]} 27. Be2 {[%clk 0:00:41]}  Rd2 {[%clk 0:00:17]} 28. Qe8+ {[%clk 0:00:41]}  Kc7 {[%clk 0:00:16]} 29. Bd1 {[%clk 0:00:30]}  Qd4 {[%clk 0:00:16]} 30. Kc1 {[%clk 0:00:25]}  Qd7 {[%clk 0:00:16]} 31. Qh5 {[%clk 0:00:24]}  Rd5 {[%clk 0:00:14]} 32. Qh4 {[%clk 0:00:23]}  Kb8 {[%clk 0:00:13]} 33. Qg3 {[%clk 0:00:23]}  Ka8 {[%clk 0:00:12]} 34. Bf3 {[%clk 0:00:23]}  Nxf3 {[%clk 0:00:10]} 35. Qxf3 {[%clk 0:00:23]}  Qb5 {[%clk 0:00:08]} 36. Re1 {[%clk 0:00:22]}  Qb4 {[%clk 0:00:07]} 37. c3 {[%clk 0:00:21]}  Qd6 {[%clk 0:00:06]} 38. h3 {[%clk 0:00:18]}  e5 {[%clk 0:00:07]} 39. Qf5 {[%clk 0:00:17]}  Qd7 {[%clk 0:00:07]} 40. Qe4 {[%clk 0:00:17]}  Rc5 {[%clk 0:00:04]} 41. Kc2 {[%clk 0:00:17]}  Rd5 {[%clk 0:00:04]} 42. Kc1 {[%clk 0:00:17]}  Rd2 {[%clk 0:00:04]} 43. h4 {[%clk 0:00:13]}  Rd6 {[%clk 0:00:04]} 44. Kc2 {[%clk 0:00:13]}  Qc6 {[%clk 0:00:05]} 45. Qe2 {[%clk 0:00:12]}  Qd5 {[%clk 0:00:05]} 46. b3 {[%clk 0:00:11]}  Rd7 {[%clk 0:00:04]} 47. c4 {[%clk 0:00:12]}  Qd4 {[%clk 0:00:04]} 48. g3 {[%clk 0:00:13]}  Kb8 {[%clk 0:00:03]} 49. Rf1 {[%clk 0:00:12]}  Ka8 {[%clk 0:00:04]} 50. Rf3 {[%clk 0:00:12]}  e4 {[%clk 0:00:03]} 51. Re3 {[%clk 0:00:13]}  f5 {[%clk 0:00:03]} 52. b4 {[%clk 0:00:12]}  Qa1 {[%clk 0:00:04]} 53. Kb3 {[%clk 0:00:12]}  Qb1+ {[%clk 0:00:04]} 54. Ka3 {[%clk 0:00:12]}  Rd3+ {[%clk 0:00:04]} 55. Rxd3 {[%clk 0:00:08]}  Qxd3+ {[%clk 0:00:03]} 56. Qxd3 {[%clk 0:00:09]}  exd3 {[%clk 0:00:04]} 57. Kb3 {[%clk 0:00:09]}  g5 {[%clk 0:00:01]} 58. hxg5 {[%clk 0:00:09]}  hxg5 {[%clk 0:00:01]} 59. Kc3 {[%clk 0:00:10]}  Ka7 {[%clk 0:00:02]} 60. Kxd3 {[%clk 0:00:10]}  Kb6 {[%clk 0:00:03]} 61. Kd4 {[%clk 0:00:11]}  a5 {[%clk 0:00:03]} 62. a3 {[%clk 0:00:10]}  axb4 {[%clk 0:00:01]} 63. axb4 {[%clk 0:00:11]}  Kc6 {[%clk 0:00:02]} 64. Ke5 {[%clk 0:00:11]}  f4 {[%clk 0:00:02]} 65. gxf4 {[%clk 0:00:12]}  gxf4 {[%clk 0:00:03]} 66. Kxf4 {[%clk 0:00:12]}  Kd6 {[%clk 0:00:04]} 67. Ke4 {[%clk 0:00:13]}  Ke6 {[%clk 0:00:04]} 68. Kd4 {[%clk 0:00:13]}  Kd6 {[%clk 0:00:05]} 69. c5+ {[%clk 0:00:14]}  Kc6 {[%clk 0:00:05]} 70. Kc4 {[%clk 0:00:14]}  Kd7 {[%clk 0:00:04]} 71. Kb5 {[%clk 0:00:14]}  Kc7 {[%clk 0:00:04]} 72. Kc4 {[%clk 0:00:14]}  Kc6 {[%clk 0:00:05]} 73. b5+ {[%clk 0:00:14]}  Kc7 {[%clk 0:00:06]} 74. Kd5 {[%clk 0:00:15]}  Kd7 {[%clk 0:00:06]} 75. b6 {[%clk 0:00:14]}  Kc8 {[%clk 0:00:06]} 76. Kd6 {[%clk 0:00:15]}  Kb8 {[%clk 0:00:06]} 77. Kd7 {[%clk 0:00:14]}  Ka8 {[%clk 0:00:07]} 78. c6 {[%clk 0:00:14]}  bxc6 {[%clk 0:00:06]} 79. Kc7 {[%clk 0:00:14]}  c5 {[%clk 0:00:05]} 80. b7+ {[%clk 0:00:15]}  Ka7 {[%clk 0:00:05]} 81. b8=Q+ {[%clk 0:00:16]}  Ka6 {[%clk 0:00:05]} 82. Qb6# {[%clk 0:00:16]} 1-0

[Event "April 9 Early 2024"]
[Site "Chess.com"]
[Date "2024.04.09"]
[Round "1"]
[White "Hua, Lefong"]
[Black "Jodar Arias, Marlon"]
[Result "1-0"]
[Board "228"]
[WhiteFideId "2602253"]
[BlackFideId "3505499"]
[WhiteTitle "FM"]
[WhiteElo "2622"]
[BlackElo "2287"]
[WhiteTeam "CAN"]
[BlackTeam "CAN"]
[WhiteClock "0:00:36"]
[BlackClock "0:00:46"]
[Variant "Standard"]

1. d4 {[%clk 0:02:59]}  Nf6 {[%clk 0:02:59]} 2. c4 {[%clk 0:02:59]}  g6 {[%clk 0:02:59]} 3. Nc3 {[%clk 0:03:00]}  d5 {[%clk 0:03:00]} 4. cxd5 {[%clk 0:03:01]}  Nxd5 {[%clk 0:03:00]} 5. e4 {[%clk 0:03:01]}  Nxc3 {[%clk 0:03:00]} 6. bxc3 {[%clk 0:03:02]}  Bg7 {[%clk 0:03:00]} 7. Nf3 {[%clk 0:03:03]}  c5 {[%clk 0:03:00]} 8. Rb1 {[%clk 0:03:04]}  O-O {[%clk 0:03:00]} 9. Be2 {[%clk 0:03:04]}  b6 {[%clk 0:02:58]} 10. O-O {[%clk 0:03:03]}  Bb7 {[%clk 0:02:58]} 11. d5 {[%clk 0:03:03]}  Ba6 {[%clk 0:02:55]} 12. c4 {[%clk 0:02:51]}  e6 {[%clk 0:02:47]} 13. Bg5 {[%clk 0:02:49]}  Qd7 {[%clk 0:02:45]} 14. Re1 {[%clk 0:02:29]}  exd5 {[%clk 0:02:45]} 15. cxd5 {[%clk 0:02:27]}  Bxe2 {[%clk 0:02:45]} 16. Rxe2 {[%clk 0:02:19]}  Na6 {[%clk 0:02:37]} 17. a3 {[%clk 0:02:12]}  Rfe8 {[%clk 0:02:33]} 18. e5 {[%clk 0:02:07]}  Nc7 {[%clk 0:02:31]} 19. d6 {[%clk 0:02:06]}  Ne6 {[%clk 0:02:28]} 20. Bh4 {[%clk 0:01:58]}  Rec8 {[%clk 0:02:24]} 21. Re4 {[%clk 0:01:32]}  b5 {[%clk 0:02:19]} 22. Qd5 {[%clk 0:01:27]}  Rab8 {[%clk 0:02:13]} 23. Ng5 {[%clk 0:01:20]}  c4 {[%clk 0:02:07]} 24. Nxe6 {[%clk 0:01:19]}  fxe6 {[%clk 0:02:07]} 25. Qd1 {[%clk 0:01:14]}  Rc5 {[%clk 0:02:03]} 26. f4 {[%clk 0:01:10]}  Rbc8 {[%clk 0:02:03]} 27. Rc1 {[%clk 0:01:08]}  a5 {[%clk 0:02:00]} 28. Bf2 {[%clk 0:01:07]}  R5c6 {[%clk 0:02:00]} 29. Qe2 {[%clk 0:01:05]}  Qb7 {[%clk 0:01:23]} 30. h4 {[%clk 0:01:05]}  b4 {[%clk 0:01:20]} 31. axb4 {[%clk 0:01:04]}  axb4 {[%clk 0:01:11]} 32. Rexc4 {[%clk 0:01:01]}  b3 {[%clk 0:01:07]} 33. Rxc6 {[%clk 0:00:53]}  Rxc6 {[%clk 0:01:08]} 34. Rxc6 {[%clk 0:00:41]}  Qxc6 {[%clk 0:01:09]} 35. Qd1 {[%clk 0:00:40]}  b2 {[%clk 0:01:01]} 36. d7 {[%clk 0:00:38]}  Qxd7 {[%clk 0:01:01]} 37. Qxd7 {[%clk 0:00:38]}  b1=Q+ {[%clk 0:01:01]} 38. Kh2 {[%clk 0:00:39]}  Qb3 {[%clk 0:00:57]} 39. Qe8+ {[%clk 0:00:37]}  Bf8 {[%clk 0:00:46]} 40. Bc5 {[%clk 0:00:36]} 1-0

[Event "April 9 Early 2024"]
[Site "Chess.com"]
[Date "2024.04.09"]
[Round "1"]
[White "Montano Vicente, Guadalupe"]
[Black "Wadsworth, Matthew J"]
[Result "1/2-1/2"]
[Board "229"]
[WhiteFideId "5181399"]
[BlackFideId "415804"]
[BlackTitle "IM"]
[WhiteElo "2284"]
[BlackElo "2620"]
[WhiteTeam "MEX"]
[BlackTeam "ENG"]
[WhiteClock "0:00:57"]
[BlackClock "0:00:21"]
[Variant "Standard"]

1. d4 {[%clk 0:02:59]}  f5 {[%clk 0:02:59]} 2. e4 {[%clk 0:02:55]}  fxe4 {[%clk 0:02:58]} 3. Nc3 {[%clk 0:02:55]}  Nf6 {[%clk 0:02:49]} 4. Bg5 {[%clk 0:02:55]}  e6 {[%clk 0:02:40]} 5. Nxe4 {[%clk 0:02:52]}  Be7 {[%clk 0:02:40]} 6. Bxf6 {[%clk 0:02:52]}  Bxf6 {[%clk 0:02:39]} 7. Bd3 {[%clk 0:02:47]}  Nc6 {[%clk 0:02:23]} 8. c3 {[%clk 0:02:45]}  O-O {[%clk 0:02:23]} 9. Nf3 {[%clk 0:02:43]}  d5 {[%clk 0:02:18]} 10. Nxf6+ {[%clk 0:02:40]}  Qxf6 {[%clk 0:02:18]} 11. O-O {[%clk 0:02:38]}  e5 {[%clk 0:02:09]} 12. dxe5 {[%clk 0:02:36]}  Nxe5 {[%clk 0:02:09]} 13. Nxe5 {[%clk 0:02:36]}  Qxe5 {[%clk 0:02:09]} 14. Qc2 {[%clk 0:02:33]}  h6 {[%clk 0:01:54]} 15. Rae1 {[%clk 0:02:29]}  Qf6 {[%clk 0:01:54]} 16. Re3 {[%clk 0:02:19]}  Bf5 {[%clk 0:01:50]} 17. Bxf5 {[%clk 0:02:10]}  Qxf5 {[%clk 0:01:50]} 18. Qxf5 {[%clk 0:02:10]}  Rxf5 {[%clk 0:01:50]} 19. Rd1 {[%clk 0:02:10]}  Raf8 {[%clk 0:01:44]} 20. f3 {[%clk 0:02:01]}  c6 {[%clk 0:01:44]} 21. Re7 {[%clk 0:01:58]}  R5f7 {[%clk 0:01:40]} 22. Rde1 {[%clk 0:01:57]}  Rd8 {[%clk 0:01:32]} 23. Re8+ {[%clk 0:01:52]}  Rxe8 {[%clk 0:01:31]} 24. Rxe8+ {[%clk 0:01:53]}  Kh7 {[%clk 0:01:32]} 25. Kf2 {[%clk 0:01:51]}  g5 {[%clk 0:01:31]} 26. h3 {[%clk 0:01:47]}  Kg6 {[%clk 0:01:29]} 27. Re6+ {[%clk 0:01:46]}  Kg7 {[%clk 0:01:24]} 28. Rd6 {[%clk 0:01:44]}  Re7 {[%clk 0:01:20]} 29. g3 {[%clk 0:01:35]}  a5 {[%clk 0:01:17]} 30. a4 {[%clk 0:01:30]}  h5 {[%clk 0:01:16]} 31. Rd8 {[%clk 0:01:22]}  h4 {[%clk 0:01:11]} 32. g4 {[%clk 0:01:18]}  Kf6 {[%clk 0:01:10]} 33. Rf8+ {[%clk 0:01:13]}  Ke6 {[%clk 0:01:01]} 34. Rg8 {[%clk 0:01:10]}  Kf6 {[%clk 0:00:59]} 35. Rf8+ {[%clk 0:01:10]}  Kg7 {[%clk 0:00:56]} 36. Rd8 {[%clk 0:01:08]}  Kf7 {[%clk 0:00:36]} 37. Rh8 {[%clk 0:00:58]}  Kg7 {[%clk 0:00:21]} 38. Rd8 {[%clk 0:00:57]} 1/2-1/2

[Event "April 9 Early 2024"]
[Site "Chess.com"]
[Date "2024.04.09"]
[Round "1"]
[White "Martin Fuentes, Alberto"]
[Black "Yevchenko, Oleksandr"]
[Result "1-0"]
[Board "232"]
[WhiteFideId "2292289"]
[BlackFideId "14108267"]
[WhiteTitle "FM"]
[BlackTitle "CM"]
[WhiteElo "2616"]
[BlackElo "2270"]
[WhiteTeam "ESP"]
[BlackTeam "UKR"]
[WhiteClock "0:00:51"]
[BlackClock "0:00:00"]
[Variant "Standard"]

1. e4 {[%clk 0:02:57]}  c5 {[%clk 0:02:59]} 2. Nc3 {[%clk 0:02:55]}  Nc6 {[%clk 0:02:58]} 3. g3 {[%clk 0:02:56]}  e6 {[%clk 0:02:56]} 4. Bg2 {[%clk 0:02:57]}  Nf6 {[%clk 0:02:56]} 5. d3 {[%clk 0:02:58]}  d5 {[%clk 0:02:54]} 6. h3 {[%clk 0:02:58]}  d4 {[%clk 0:02:49]} 7. Nce2 {[%clk 0:02:58]}  e5 {[%clk 0:02:49]} 8. f4 {[%clk 0:02:59]}  Bd6 {[%clk 0:02:44]} 9. Nf3 {[%clk 0:02:59]}  Qc7 {[%clk 0:02:41]} 10. O-O {[%clk 0:02:59]}  Bd7 {[%clk 0:02:34]} 11. fxe5 {[%clk 0:02:47]}  Nxe5 {[%clk 0:02:30]} 12. Nf4 {[%clk 0:02:45]}  O-O-O {[%clk 0:02:11]} 13. Bd2 {[%clk 0:02:39]}  h6 {[%clk 0:02:07]} 14. Rc1 {[%clk 0:02:29]}  Kb8 {[%clk 0:02:07]} 15. c3 {[%clk 0:02:26]}  g5 {[%clk 0:01:48]} 16. cxd4 {[%clk 0:02:10]}  Nxf3+ {[%clk 0:01:48]} 17. Qxf3 {[%clk 0:02:02]}  gxf4 {[%clk 0:01:48]} 18. e5 {[%clk 0:01:59]}  Bc6 {[%clk 0:01:47]} 19. Qxf4 {[%clk 0:01:54]}  Bxg2 {[%clk 0:01:31]} 20. exd6 {[%clk 0:01:35]}  Qc6 {[%clk 0:01:29]} 21. Rf2 {[%clk 0:01:27]}  Nd5 {[%clk 0:01:17]} 22. Qxf7 {[%clk 0:01:20]}  Bxh3 {[%clk 0:01:06]} 23. Kh2 {[%clk 0:01:07]}  Bd7 {[%clk 0:00:58]} 24. Rxc5 {[%clk 0:01:05]}  Qxd6 {[%clk 0:00:50]} 25. Rxd5 {[%clk 0:01:04]}  Qc6 {[%clk 0:00:51]} 26. Rc5 {[%clk 0:01:01]}  Qb6 {[%clk 0:00:47]} 27. Bf4+ {[%clk 0:00:59]}  Ka8 {[%clk 0:00:48]} 28. Bc7 {[%clk 0:01:00]}  Qa6 {[%clk 0:00:12]} 29. Bxd8 {[%clk 0:00:58]}  Bc6 {[%clk 0:00:00]} 30. d5 {[%clk 0:00:51]} 1-0

[Event "April 9 Early 2024"]
[Site "Chess.com"]
[Date "2024.04.09"]
[Round "1"]
[White "Dubreuil, Julien"]
[Black "Danielian, Vardan"]
[Result "0-1"]
[Board "233"]
[WhiteFideId "621285"]
[BlackFideId "13301594"]
[WhiteTitle "FM"]
[BlackTitle "FM"]
[WhiteElo "2269"]
[BlackElo "2614"]
[WhiteTeam "FRA"]
[BlackTeam "ARM"]
[WhiteClock "0:02:00"]
[BlackClock "0:02:31"]
[Variant "Standard"]

1. e4 {[%clk 0:03:00]}  c5 {[%clk 0:02:59]} 2. Nf3 {[%clk 0:03:01]}  d6 {[%clk 0:03:00]} 3. d4 {[%clk 0:03:02]}  cxd4 {[%clk 0:03:00]} 4. Nxd4 {[%clk 0:03:02]}  Nf6 {[%clk 0:03:00]} 5. Nc3 {[%clk 0:03:03]}  g6 {[%clk 0:03:01]} 6. Be3 {[%clk 0:03:01]}  Bg7 {[%clk 0:03:01]} 7. f3 {[%clk 0:03:01]}  Nc6 {[%clk 0:03:02]} 8. Qd2 {[%clk 0:03:00]}  O-O {[%clk 0:03:03]} 9. Bc4 {[%clk 0:03:00]}  Bd7 {[%clk 0:02:56]} 10. h4 {[%clk 0:03:00]}  Rc8 {[%clk 0:02:56]} 11. h5 {[%clk 0:02:59]}  Nxd4 {[%clk 0:02:54]} 12. Qxd4 {[%clk 0:02:59]}  Ng4 {[%clk 0:02:53]} 13. Qd3 {[%clk 0:02:19]}  Nxe3 {[%clk 0:02:52]} 14. Bb3 {[%clk 0:02:16]}  Nxg2+ {[%clk 0:02:47]} 15. Kf1 {[%clk 0:02:14]}  Nf4 {[%clk 0:02:46]} 16. Qd2 {[%clk 0:02:00]}  Nxh5 {[%clk 0:02:31]} 0-1

[Event "April 9 Early 2024"]
[Site "Chess.com"]
[Date "2024.04.10"]
[Round "1"]
[White "Ambartsumova, Karina"]
[Black "Denis Kozlov"]
[Result "1-0"]
[Board "240"]
[WhiteFideId "4166299"]
[BlackFideId "54104319"]
[WhiteTitle "IM"]
[BlackTitle "FM"]
[WhiteElo "2609"]
[BlackElo "2263"]
[WhiteTeam "RUS"]
[BlackTeam "RUS"]
[WhiteClock "0:00:55"]
[BlackClock "0:00:08"]
[Variant "Standard"]

1. d4 {[%clk 0:03:00]}  Nf6 {[%clk 0:02:58]} 2. c4 {[%clk 0:03:00]}  b6 {[%clk 0:02:56]} 3. Nc3 {[%clk 0:02:55]}  e6 {[%clk 0:02:51]} 4. e4 {[%clk 0:02:54]}  Bb4 {[%clk 0:02:50]} 5. Bd3 {[%clk 0:02:51]}  Bb7 {[%clk 0:02:42]} 6. Qe2 {[%clk 0:02:52]}  d6 {[%clk 0:02:36]} 7. Nf3 {[%clk 0:02:47]}  Nbd7 {[%clk 0:02:26]} 8. Bd2 {[%clk 0:02:47]}  c5 {[%clk 0:02:07]} 9. O-O {[%clk 0:02:36]}  O-O {[%clk 0:01:55]} 10. a3 {[%clk 0:02:20]}  Bxc3 {[%clk 0:01:54]} 11. Bxc3 {[%clk 0:02:21]}  Re8 {[%clk 0:01:48]} 12. Rad1 {[%clk 0:02:20]}  e5 {[%clk 0:01:31]} 13. dxe5 {[%clk 0:01:58]}  dxe5 {[%clk 0:01:31]} 14. Nh4 {[%clk 0:01:57]}  Qc7 {[%clk 0:01:12]} 15. Nf5 {[%clk 0:01:55]}  Nf8 {[%clk 0:01:12]} 16. h4 {[%clk 0:01:39]}  Ne6 {[%clk 0:01:11]} 17. g3 {[%clk 0:01:31]}  Rad8 {[%clk 0:01:08]} 18. Qe3 {[%clk 0:01:19]}  Rxd3 {[%clk 0:00:39]} 19. Rxd3 {[%clk 0:01:10]}  Bxe4 {[%clk 0:00:39]} 20. Nd6 {[%clk 0:01:05]}  Bxd3 {[%clk 0:00:14]} 21. Nxe8 {[%clk 0:01:04]}  Qd7 {[%clk 0:00:09]} 22. Nxf6+ {[%clk 0:00:56]}  gxf6 {[%clk 0:00:10]} 23. Rd1 {[%clk 0:00:57]}  e4 {[%clk 0:00:10]} 24. Bxf6 {[%clk 0:00:58]}  Nd4 {[%clk 0:00:08]} 25. Qg5+ {[%clk 0:00:55]} 1-0

[Event "April 9 Early 2024"]
[Site "Chess.com"]
[Date "2024.04.09"]
[Round "1"]
[White "Timerkhanov, Alexander"]
[Black "Ilimbek Esenbek Uulu"]
[Result "1-0"]
[Board "242"]
[WhiteFideId "24177938"]
[BlackFideId "13800680"]
[WhiteTitle "FM"]
[WhiteElo "2607"]
[BlackElo "2261"]
[WhiteTeam "RUS"]
[BlackTeam "KGZ"]
[WhiteClock "0:02:22"]
[BlackClock "0:00:00"]
[Variant "Standard"]

1. d4 {[%clk 0:03:00]}  Nf6 {[%clk 0:02:59]} 2. Bg5 {[%clk 0:03:01]}  c5 {[%clk 0:02:59]} 3. d5 {[%clk 0:03:01]}  d6 {[%clk 0:02:57]} 4. Nc3 {[%clk 0:03:01]}  h6 {[%clk 0:02:57]} 5. Bxf6 {[%clk 0:02:58]}  gxf6 {[%clk 0:02:57]} 6. e4 {[%clk 0:02:58]}  f5 {[%clk 0:02:57]} 7. Bb5+ {[%clk 0:02:54]}  Bd7 {[%clk 0:02:56]} 8. exf5 {[%clk 0:02:41]}  a6 {[%clk 0:02:52]} 9. Bxd7+ {[%clk 0:02:41]}  Qxd7 {[%clk 0:02:52]} 10. Qf3 {[%clk 0:02:39]}  Bg7 {[%clk 0:02:52]} 11. Nge2 {[%clk 0:02:39]}  b5 {[%clk 0:02:51]} 12. O-O {[%clk 0:02:38]}  b4 {[%clk 0:02:49]} 13. Nd1 {[%clk 0:02:39]}  a5 {[%clk 0:02:39]} 14. Rb1 {[%clk 0:02:33]}  Na6 {[%clk 0:02:36]} 15. Ne3 {[%clk 0:02:33]}  h5 {[%clk 0:02:33]} 16. Nc4 {[%clk 0:02:33]}  Qb5 {[%clk 0:01:25]} 17. b3 {[%clk 0:02:30]}  Nc7 {[%clk 0:01:22]} 18. f6 {[%clk 0:02:22]}  Bxf6 {[%clk 0:01:17]} 19. Nxd6+ {[%clk 0:02:21]}  exd6 {[%clk 0:00:00]} 20. Qxf6 {[%clk 0:02:22]} 1-0

[Event "April 9 Early 2024"]
[Site "Chess.com"]
[Date "2024.04.09"]
[Round "1"]
[White "Ram, Jwalanthi"]
[Black "Sadykov, Ramil"]
[Result "0-1"]
[Board "243"]
[WhiteFideId "30981301"]
[BlackFideId "24113590"]
[WhiteTitle "WCM"]
[BlackTitle "FM"]
[WhiteElo "2259"]
[BlackElo "2606"]
[WhiteTeam "USA"]
[BlackTeam "FID"]
[WhiteClock "0:00:00"]
[BlackClock "0:00:29"]
[Variant "Standard"]

1. c4 {[%clk 0:03:00]}  d6 {[%clk 0:02:54]} 2. Nc3 {[%clk 0:03:00]}  g6 {[%clk 0:02:54]} 3. g3 {[%clk 0:03:00]}  Bg7 {[%clk 0:02:55]} 4. Bg2 {[%clk 0:03:00]}  c5 {[%clk 0:02:54]} 5. Nf3 {[%clk 0:03:00]}  Nc6 {[%clk 0:02:55]} 6. O-O {[%clk 0:03:01]}  Nf6 {[%clk 0:02:52]} 7. d3 {[%clk 0:03:01]}  Rb8 {[%clk 0:02:50]} 8. Bd2 {[%clk 0:02:46]}  a6 {[%clk 0:02:49]} 9. a4 {[%clk 0:02:46]}  O-O {[%clk 0:02:40]} 10. e4 {[%clk 0:02:19]}  Ne8 {[%clk 0:02:37]} 11. Qc1 {[%clk 0:02:10]}  Bg4 {[%clk 0:02:29]} 12. Rb1 {[%clk 0:01:51]}  Bxf3 {[%clk 0:02:29]} 13. Bxf3 {[%clk 0:01:51]}  Nd4 {[%clk 0:02:30]} 14. Bg2 {[%clk 0:01:43]}  Nb3 {[%clk 0:02:27]} 15. Qc2 {[%clk 0:01:41]}  Nxd2 {[%clk 0:02:27]} 16. Qxd2 {[%clk 0:01:42]}  Nc7 {[%clk 0:02:24]} 17. f4 {[%clk 0:01:25]}  b5 {[%clk 0:02:13]} 18. axb5 {[%clk 0:01:24]}  axb5 {[%clk 0:02:14]} 19. b3 {[%clk 0:01:14]}  b4 {[%clk 0:02:09]} 20. Nd5 {[%clk 0:01:08]}  Bd4+ {[%clk 0:01:55]} 21. Kh1 {[%clk 0:01:06]}  Ra8 {[%clk 0:01:50]} 22. Nxc7 {[%clk 0:00:46]}  Qxc7 {[%clk 0:01:50]} 23. f5 {[%clk 0:00:41]}  Kg7 {[%clk 0:01:36]} 24. e5 {[%clk 0:00:24]}  dxe5 {[%clk 0:01:27]} 25. Bxa8 {[%clk 0:00:23]}  Rxa8 {[%clk 0:01:28]} 26. fxg6 {[%clk 0:00:21]}  hxg6 {[%clk 0:01:27]} 27. Qg2 {[%clk 0:00:16]}  Ra6 {[%clk 0:01:21]} 28. Qf3 {[%clk 0:00:14]}  f5 {[%clk 0:01:14]} 29. g4 {[%clk 0:00:10]}  e6 {[%clk 0:00:55]} 30. Qh3 {[%clk 0:00:07]}  Ra2 {[%clk 0:00:48]} 31. g5 {[%clk 0:00:04]}  Qb7+ {[%clk 0:00:38]} 32. Rf3 {[%clk 0:00:03]}  Kg8 {[%clk 0:00:39]} 33. Rf1 {[%clk 0:00:02]}  e4 {[%clk 0:00:38]} 34. dxe4 {[%clk 0:00:01]}  Qxe4 {[%clk 0:00:38]} 35. Qh6 {[%clk 0:00:01]}  Kf7 {[%clk 0:00:28]} 36. Qh7+ {[%clk 0:00:00]}  Bg7 {[%clk 0:00:29]} 0-1

[Event "April 9 Early 2024"]
[Site "Chess.com"]
[Date "2024.04.09"]
[Round "1"]
[White "Skotheim, Andreas"]
[Black "Emeliantsev, Anatoliy"]
[Result "1-0"]
[Board "244"]
[WhiteFideId "1518526"]
[BlackFideId "4160681"]
[WhiteTitle "CM"]
[BlackTitle "FM"]
[WhiteElo "2605"]
[BlackElo "2254"]
[WhiteTeam "NOR"]
[BlackTeam "RUS"]
[WhiteClock "0:00:06"]
[BlackClock "0:00:00"]
[Variant "Standard"]

1. c4 {[%clk 0:03:00]}  Nf6 {[%clk 0:02:58]} 2. Nc3 {[%clk 0:03:00]}  g6 {[%clk 0:02:55]} 3. g3 {[%clk 0:02:57]}  Bg7 {[%clk 0:02:56]} 4. Bg2 {[%clk 0:02:57]}  O-O {[%clk 0:02:56]} 5. Rb1 {[%clk 0:02:55]}  e5 {[%clk 0:02:52]} 6. b4 {[%clk 0:02:52]}  Re8 {[%clk 0:02:36]} 7. d3 {[%clk 0:02:50]}  c6 {[%clk 0:02:30]} 8. c5 {[%clk 0:02:45]}  a6 {[%clk 0:02:09]} 9. Na4 {[%clk 0:02:34]}  d5 {[%clk 0:02:09]} 10. cxd6 {[%clk 0:02:12]}  Qxd6 {[%clk 0:02:08]} 11. Nb6 {[%clk 0:02:09]}  Ra7 {[%clk 0:02:08]} 12. Be3 {[%clk 0:02:08]}  Be6 {[%clk 0:01:30]} 13. a3 {[%clk 0:01:23]}  Nd5 {[%clk 0:01:20]} 14. Nc4 {[%clk 0:01:14]}  Nxe3 {[%clk 0:01:05]} 15. Nxd6 {[%clk 0:01:10]}  Nxd1 {[%clk 0:01:05]} 16. Nxe8 {[%clk 0:01:10]}  Nc3 {[%clk 0:01:00]} 17. Rc1 {[%clk 0:00:55]}  Na2 {[%clk 0:00:58]} 18. Rc2 {[%clk 0:00:33]}  Bh8 {[%clk 0:00:33]} 19. Nc7 {[%clk 0:00:26]}  Bb3 {[%clk 0:00:19]} 20. Rb2 {[%clk 0:00:25]}  b5 {[%clk 0:00:19]} 21. Rxb3 {[%clk 0:00:18]}  Rxc7 {[%clk 0:00:18]} 22. Kd2 {[%clk 0:00:17]}  e4 {[%clk 0:00:18]} 23. dxe4 {[%clk 0:00:15]}  Rd7+ {[%clk 0:00:17]} 24. Rd3 {[%clk 0:00:16]}  Nc3 {[%clk 0:00:09]} 25. Rxd7 {[%clk 0:00:13]}  Nxd7 {[%clk 0:00:09]} 26. Nh3 {[%clk 0:00:10]}  Na4 {[%clk 0:00:06]} 27. Rc1 {[%clk 0:00:09]}  Ne5 {[%clk 0:00:05]} 28. f4 {[%clk 0:00:06]}  Nc4+ {[%clk 0:00:05]} 29. Rxc4 {[%clk 0:00:05]}  bxc4 {[%clk 0:00:00]} 30. e5 {[%clk 0:00:06]} 1-0